| 000 | 00588nam a2200205Ia 4500 | ||
|---|---|---|---|
| 003 | OSt | ||
| 005 | 20250609111855.0 | ||
| 008 | 210210b1986 xxu||||| |||| 00| 0 eng d | ||
| 040 | _cAL | ||
| 041 | _aKannada | ||
| 082 | _aK894.1 SHRI | ||
| 100 |
_aSHRIKRASHNA CHENNAMGOD _973059 _dಶ್ರೀಕೃಷ್ಣ ಚೆನ್ನಮಗೋಡ್ |
||
| 245 |
_aEllade iddaga _bಇಲ್ಲದೆ ಇದ್ದಾಗ |
||
| 260 |
_aPutturu _bKannada Sangha _c1986 |
||
| 300 | _ax,68 | ||
| 650 |
_aEllade Eddaga _973060 |
||
| 690 |
_aKannada Poetry _973061 |
||
| 906 | _a039290 | ||
| 942 |
_2ddc _cBK |
||
| 999 |
_c89247 _d89247 |
||